| 000 | 00524nam a22002057a 4500 | ||
|---|---|---|---|
| 003 | OSt | ||
| 005 | 20231218132827.0 | ||
| 008 | 231218b |||||||| |||| 00| 0 eng d | ||
| 020 | _a0071002766 | ||
| 040 | _cDDC | ||
| 082 | _a515 RUD 1987 | ||
| 100 | _4Rudin, Walter | ||
| 245 | _aReal and Complex Analysis | ||
| 250 | _a3rd ed. | ||
| 260 | _aNew York; McGraw-hill, 1987 | ||
| 300 | _axiv,416p; ill: 22cm | ||
| 504 | _aBibliography, & index included | ||
| 650 |
_aMathematical analysis _92757 |
||
| 942 |
_2ddc _cO_SHELF |
||
| 999 |
_c8249 _d8249 |
||